000 00273nam a22001097a 4500
008 170123b xxu||||| |||| 00| 0 eng d
020 _a9780781780322
041 _aeng
080 _29TH
_a618.2
245 _aINTRODUCTORY MEDICAL-SURGICAL NURSING
_cTIMBY, B.K
942 _2udc
_cBK
999 _c3380
_d3380